000 00569nam a2200217Ia 4500
003 OSt
005 20220928140559.0
006 a|||||r|||| 00| 0
007 ta
008 220927b |||||||| |||| 00| 0 eng d
024 _a9597
037 _cTextual
040 _aSDCL
_cSDCL
_beng
041 _2eng
_aeng
082 _aO-,3M:gx, M8
100 _aBodenheimer Rosemarie
_9496035
245 0 _aPolitics of story in victorian social fiction.
260 _c1988
942 _hO-,3M:gx, M8
_cTEXL
_2CC
999 _c812291
_d812291